[Event "GEO-ch (Women) 77th"]
[Site "Tbilisi"]
[Date "2020.07.29"]
[Round "8"]
[White "Vakhania, Alexandra"]
[Black "Melia, Salome"]
[Result "1/2-1/2"]
[WhiteElo "2138"]
[BlackElo "2370"]
[PlyCount "121"]
[EventDate "2020.07.21"]
[EventType "tourn"]
[EventRounds "9"]
[EventCountry "GEO"]
[EventCategory "4"]
[SourceTitle "CBM 197 Extra"]
[Source "ChessBase"]
[SourceDate "2020.09.30"]
[SourceVersion "1"]
[SourceVersionDate "2020.09.30"]
[SourceQuality "1"]

1. d4 c5 2. d5 g6 3. e4 Bg7 4. f4 d6 5. Nf3 Nf6 6. Bb5+ Bd7 7. Bxd7+ Qxd7 8. Nc3 0-0 9. 0-0 Na6 10. e5 Ne8 11. e6 fxe6 12. dxe6 Qxe6 13. Re1 Qd7 14. Ne5 Bxe5 15. fxe5 Nac7 16. Bh6 Ng7 17. exd6 exd6 18. Ne4 b6 19. Qxd6 Qxd6 20. Nxd6 Nce6 21. Rad1 Rfd8 22. c3 Rd7 23. Ne4 Rxd1 24. Rxd1 Nf5 25. Bg5 Nxg5 26. Nxg5 Re8 27. g4 Ne3 28. Re1 Re7 29. h3 h6 30. Nf3 Nd5 31. Rd1 Nf4 32. h4 Re2 33. Rd2 Rxd2 34. Nxd2 Nd3 35. Nc4 b5 36. Nd6 a6 37. c4 b4 38. b3 Kf8 39. Kf1 Ke7 40. Nb7 Ke6 41. Ke2 Nc1+ 42. Ke3 Ke5 43. Nxc5 Nxa2 44. Nxa6 Nc1 45. Nxb4 Nxb3 46. Nd3+ Ke6 47. Nf4+ Kf6 48. Ke4 g5 49. Nd5+ Ke6 50. h5 Nc5+ 51. Kd4 Nb3+ 52. Kc3 Nc5 53. Kb4 Nd3+ 54. Kb5 Ke5 55. Nb4 Nc1 56. c5 Nb3 57. Nd3+ Ke4 58. Kb4 Nxc5 59. Nxc5+ Kf4 60. Nd7 Kxg4 61. Nf6+ 1/2-1/2

[Event "GEO-ch (Women) 77th"]
[Site "Tbilisi"]
[Date "2020.07.28"]
[Round "7"]
[White "Arabidze, Meri"]
[Black "Vakhania, Alexandra"]
[Result "1-0"]
[WhiteElo "2428"]
[BlackElo "2138"]
[PlyCount "109"]
[EventDate "2020.07.21"]
[EventType "tourn"]
[EventRounds "9"]
[EventCountry "GEO"]
[EventCategory "4"]
[SourceTitle "CBM 197 Extra"]
[Source "ChessBase"]
[SourceDate "2020.09.30"]
[SourceVersion "1"]
[SourceVersionDate "2020.09.30"]
[SourceQuality "1"]

1. c4 f5 2. d4 e6 3. g3 Nf6 4. Bg2 d5 5. Nh3 c6 6. 0-0 Bd6 7. Bf4 0-0 8. Nd2 h6 9. Bxd6 Qxd6 10. Nf4 g5 11. Ng6 Rf7 12. Ne5 Rg7 13. Rb1 Bd7 14. b4 Be8 15. a4 Nbd7 16. Nxd7 Bxd7 17. b5 Rf8 18. Qc2 Be8 19. bxc6 Bxc6 20. cxd5 Bxd5 21. Bxd5 Qxd5 22. e3 f4 23. Rb5 Qd7 24. Qb3 Ng4 25. exf4 gxf4 26. Ne4 fxg3 27. hxg3 Qxd4 28. Qxe6+ Kh8 29. Rf5 Rfg8 30. Rf4 Rg6 31. Qe7 Qe5 32. Qxb7 Rb6 33. Qxa7 Rb4 34. Re1 Rg7 35. Qa8+ Rb8 36. Rf8+ Rxf8 37. Qxf8+ Kh7 38. Qc5 Qb8 39. Qf5+ Kh8 40. Rc1 Rg8 41. Nf6 Nxf6 42. Qxf6+ Kh7 43. Qf7+ Kh8 44. Rc7 Qb1+ 45. Kh2 Qg6 46. Qxg6 Rxg6 47. Ra7 Rc6 48. a5 Rc2 49. Kg2 Ra2 50. a6 Kg8 51. Kf3 Ra4 52. g4 Kh8 53. Kg3 Kg8 54. Kh4 Rf4 55. Rb7 1-0

[Event "GEO-ch (Women) 77th"]
[Site "Tbilisi"]
[Date "2020.07.25"]
[Round "5"]
[White "Batsiashvili, Nino"]
[Black "Vakhania, Alexandra"]
[Result "1-0"]
[WhiteElo "2457"]
[BlackElo "2138"]
[PlyCount "145"]
[EventDate "2020.07.21"]
[EventType "tourn"]
[EventRounds "9"]
[EventCountry "GEO"]
[EventCategory "4"]
[SourceTitle "CBM 197 Extra"]
[Source "ChessBase"]
[SourceDate "2020.09.30"]
[SourceVersion "1"]
[SourceVersionDate "2020.09.30"]
[SourceQuality "1"]

1. d4 e6 2. e4 d5 3. Nc3 Nf6 4. e5 Ne4 5. Nce2 f6 6. f3 Ng5 7. exf6 Qxf6 8. f4 Ne4 9. Ng3 Nxg3 10. hxg3 c5 11. Nf3 Nc6 12. Bb5 Bd7 13. Bxc6 Bxc6 14. Be3 0-0-0 15. Qd2 c4 16. 0-0-0 Bd6 17. Rde1 Be8 18. g4 h6 19. g5 Qf5 20. g3 Bg6 21. Nh4 Qf7 22. gxh6 Be4 23. hxg7 Qxg7 24. Rhg1 Kb8 25. Qc3 Rc8 26. Bd2 Rc6 27. Nf3 Rb6 28. a3 Qd7 29. Ng5 Rc8 30. Nxe4 dxe4 31. Qe3 Bxa3 32. bxa3 c3 33. Bxc3 Rbc6 34. Kd2 Rxc3 35. Qxc3 Rxc3 36. Kxc3 Qc6+ 37. Kd2 Qd5 38. Ke3 Qc4 39. Re2 Kc7 40. Rgg2 Qc3+ 41. Kxe4 Kd6 42. g4 Qc6+ 43. Ke3 Qc3+ 44. Ke4 Qc6+ 45. Ke3 Qc3+ 46. Kf2 Qxd4+ 47. Kf3 Qh8 48. Re3 Qh3+ 49. Kf2 Qh4+ 50. Ke2 Qh1 51. Rf2 Qg1 52. g5 Qg4+ 53. Kd2 b5 54. Re4 a5 55. Rfe2 Kd7 56. Kc3 Qf5 57. Rd4+ Ke7 58. Re5 Qh3+ 59. Kb2 b4 60. axb4 axb4 61. Rxb4 Qg3 62. Rbe4 Kf7 63. Rxe6 Qg2 64. g6+ Kg7 65. f5 Qf1 66. Rb6 Qf2 67. Rb5 Qa7 68. Reb4 Qe3 69. Rd5 Kf6 70. Rbb5 Qa7 71. Rd6+ Kg5 72. g7 Qf7 73. g8Q+ 1-0